[Event "GER-ch51 V01 email"]
[Site "GER email"]
[Date "2019.04.14"]
[Round "?"]
[White "Dannehr, Juergen"]
[Black "Papenfuss, Ingo"]
[Result "1/2-1/2"]
[WhiteElo "2338"]
[BlackElo "2480"]
[PlyCount "60"]
[EventDate "2019.??.??"]
[EventType "tourn (corr)"]
[EventRounds "10"]
[EventCountry "GER"]
[SourceTitle "Corr 2022"]
[Source "ChessBase"]
[SourceDate "2021.10.24"]
[SourceVersion "1"]
[SourceVersionDate "2021.10.24"]
[SourceQuality "1"]

1. e4 c5 2. Nf3 d6 3. Nc3 Nf6 4. e5 dxe5 5. Nxe5 Nbd7 6. d4 e6 7. Bf4 cxd4 8. Qxd4 Bc5 9. Qc4 Qe7 10. Nd3 Bb6 11. Be2 0-0 12. 0-0 Nd5 13. Bd2 N7f6 14. Qh4 Qd8 15. Bf3 Nxc3 16. Bxc3 Nd5 17. Qxd8 Rxd8 18. Bd2 f6 19. Rfd1 Kf7 20. b3 Rb8 21. c4 Ne7 22. Be3 Bxe3 23. fxe3 Bd7 24. Nc5 Bc6 25. Rxd8 Rxd8 26. Nxb7 Rd3 27. c5 Bxf3 28. gxf3 Nc6 29. Kf2 Rd2+ 30. Kg3 Ke7 1/2-1/2

[Event "GER-ch51 V01 email"]
[Site "GER email"]
[Date "2019.04.14"]
[Round "?"]
[White "Dannehr, Juergen"]
[Black "Quack, Rudolf"]
[Result "1/2-1/2"]
[WhiteElo "2338"]
[BlackElo "2254"]
[PlyCount "51"]
[EventDate "2019.??.??"]
[EventType "tourn (corr)"]
[EventRounds "10"]
[EventCountry "GER"]
[SourceTitle "Corr 2022"]
[Source "ChessBase"]
[SourceDate "2021.10.24"]
[SourceVersion "1"]
[SourceVersionDate "2021.10.24"]
[SourceQuality "1"]

1. e4 c6 2. d4 d5 3. exd5 cxd5 4. c4 Nf6 5. Nc3 g6 6. cxd5 Bg7 7. Bc4 0-0 8. Nge2 Na6 9. 0-0 Nc7 10. Nf4 b6 11. Re1 Bb7 12. Qb3 Qd6 13. a4 Rfd8 14. Be3 Nfxd5 15. Nfxd5 Bxd5 16. Nxd5 Nxd5 17. Bg5 Rd7 18. Rad1 e6 19. Bh4 Nc7 20. Bg3 Qf8 21. Bxc7 Rxc7 22. d5 exd5 23. Bxd5 Rd8 24. g3 Bf6 25. Kg2 Kg7 26. Rd2 1/2-1/2

[Event "GER-ch51 V01 email"]
[Site "GER email"]
[Date "2019.04.14"]
[Round "?"]
[White "Droessler, Uwe"]
[Black "Dannehr, Juergen"]
[Result "1-0"]
[WhiteElo "2301"]
[BlackElo "2338"]
[PlyCount "93"]
[EventDate "2019.??.??"]
[EventType "tourn (corr)"]
[EventRounds "10"]
[EventCountry "GER"]
[SourceTitle "Corr 2022"]
[Source "ChessBase"]
[SourceDate "2021.10.24"]
[SourceVersion "1"]
[SourceVersionDate "2021.10.24"]
[SourceQuality "1"]

1. e4 c5 2. Nf3 e6 3. d4 cxd4 4. Nxd4 a6 5. Bd3 Bc5 6. Nb3 Be7 7. Qg4 g6 8. Qe2 d6 9. 0-0 Nd7 10. Na3 b6 11. Nc4 Bb7 12. a4 Ngf6 13. Bh6 Qc7 14. Rfd1 Bf8 15. Be3 d5 16. exd5 Nxd5 17. Be4 Nxe3 18. Bxb7 Nxc4 19. Bxa8 Nxb2 20. Rf1 Bg7 21. Qxa6 0-0 22. Be4 Nc4 23. Rad1 Nb2 24. Rde1 Rc8 25. g3 Bf6 26. Ra1 Kg7 27. Ra2 h5 28. a5 Nc4 29. Qb7 bxa5 30. Nxa5 Nc5 31. Qxc7 Rxc7 32. Nxc4 Nxe4 33. Ne3 Bd4 34. Re1 f5 35. h4 Kf6 36. Kg2 g5 37. hxg5+ Kxg5 38. c4 h4 39. gxh4+ Kxh4 40. Ra6 Nc5 41. Nxf5+ exf5 42. Rg6 Kh5 43. Rg3 Bf6 44. Rh1+ Bh4 45. Rg8 Ne4 46. Rh8+ Kg5 47. R1xh4 1-0

[Event "GER-ch51 V01 email"]
[Site "GER email"]
[Date "2019.04.14"]
[Round "?"]
[White "Gabel, Andreas"]
[Black "Dannehr, Juergen"]
[Result "1/2-1/2"]
[WhiteElo "2345"]
[BlackElo "2338"]
[PlyCount "65"]
[EventDate "2019.??.??"]
[EventType "tourn (corr)"]
[EventRounds "10"]
[EventCountry "GER"]
[SourceTitle "Corr 2022"]
[Source "ChessBase"]
[SourceDate "2021.10.24"]
[SourceVersion "1"]
[SourceVersionDate "2021.10.24"]
[SourceQuality "1"]

1. e4 e6 2. d4 d5 3. Nc3 Nf6 4. e5 Nfd7 5. f4 c5 6. Nf3 Nc6 7. Be3 a6 8. Qd2 b5 9. dxc5 Bxc5 10. Bd3 Qb6 11. Bf2 b4 12. Na4 Bxf2+ 13. Qxf2 Qxf2+ 14. Kxf2 Rb8 15. Rhc1 h6 16. c4 Ne7 17. h4 Bb7 18. c5 Bc6 19. b3 Rf8 20. g3 f6 21. exf6 Rxf6 22. Ke3 Kd8 23. Nb2 a5 24. Rc2 Kc7 25. Re1 g5 26. hxg5 hxg5 27. Nxg5 Rg8 28. Kd4 e5+ 29. Rxe5 Nxe5 30. Kxe5 Rh6 31. Ne6+ Kd7 32. Ng5 Kc7 33. Ne6+ 1/2-1/2

[Event "GER-ch51 V01 email"]
[Site "GER email"]
[Date "2019.04.14"]
[Round "?"]
[White "Papenfuss, Ingo"]
[Black "Dannehr, Juergen"]
[Result "1/2-1/2"]
[WhiteElo "2480"]
[BlackElo "2338"]
[PlyCount "61"]
[EventDate "2019.??.??"]
[EventType "tourn (corr)"]
[EventRounds "10"]
[EventCountry "GER"]
[SourceTitle "Corr 2022"]
[Source "ChessBase"]
[SourceDate "2021.10.24"]
[SourceVersion "1"]
[SourceVersionDate "2021.10.24"]
[SourceQuality "1"]

1. e4 c5 2. Nf3 e6 3. d4 cxd4 4. Nxd4 Nf6 5. Nc3 Nc6 6. Nxc6 bxc6 7. e5 Nd5 8. Ne4 Qc7 9. f4 Qa5+ 10. Bd2 Qb6 11. Bd3 Be7 12. Qe2 f5 13. exf6 Nxf6 14. Bc3 0-0 15. Nxf6+ Bxf6 16. Bxf6 Rxf6 17. 0-0-0 Rb8 18. b3 d5 19. Rhf1 Bd7 20. Qe5 Rbf8 21. Rde1 a5 22. Qd6 R6f7 23. a4 Qb8 24. Qxb8 Rxb8 25. g3 h6 26. Re5 Rf6 27. Be2 Kf7 28. Bd3 Ke7 29. Rfe1 Kd6 30. h4 c5 31. Kd2 1/2-1/2

[Event "GER-ch51 V01 email"]
[Site "GER email"]
[Date "2019.04.14"]
[Round "?"]
[White "Quack, Rudolf"]
[Black "Dannehr, Juergen"]
[Result "1/2-1/2"]
[WhiteElo "2254"]
[BlackElo "2338"]
[PlyCount "87"]
[EventDate "2019.??.??"]
[EventType "tourn (corr)"]
[EventRounds "10"]
[EventCountry "GER"]
[SourceTitle "Corr 2022"]
[Source "ChessBase"]
[SourceDate "2021.10.24"]
[SourceVersion "1"]
[SourceVersionDate "2021.10.24"]
[SourceQuality "1"]

1. d4 Nf6 2. c4 g6 3. Nc3 d5 4. cxd5 Nxd5 5. e4 Nxc3 6. bxc3 Bg7 7. Nf3 c5 8. Rb1 0-0 9. Be2 Nc6 10. d5 Ne5 11. Nxe5 Bxe5 12. Qd2 e6 13. f4 Bc7 14. 0-0 exd5 15. exd5 Ba5 16. d6 Rb8 17. Rb5 b6 18. Ba3 Ba6 19. f5 Bxb5 20. Bxb5 Qf6 21. fxg6 Bxc3 22. gxh7+ Kh8 23. Rxf6 Bxd2 24. Bb2 Be3+ 25. Kf1 Kxh7 26. d7 Bd4 27. Bxd4 cxd4 28. Rd6 Kg7 29. Rxd4 Rfd8 30. Bc6 Rh8 31. Rg4+ Kf6 32. Re4 Rxh2 33. Re8 Rh8 34. Kf2 Rd8 35. Kf3 a6 36. Kf4 b5 37. g4 Rg8 38. g5+ Kg6 39. Re7 Rgf8 40. Be4+ f5 41. Bd5 b4 42. Re6+ Kg7 43. Re7+ Kg6 44. Be6 1/2-1/2

[Event "Dortmund Sparkassen op-A 45th"]
[Site "Dortmund"]
[Date "2017.07.16"]
[Round "2"]
[White "Luft, Dennis"]
[Black "Dannehr, Juergen"]
[Result "1-0"]
[WhiteElo "2219"]
[BlackElo "1845"]
[PlyCount "53"]
[EventDate "2017.07.15"]
[EventType "swiss"]
[EventRounds "9"]
[EventCountry "GER"]
[SourceTitle "CBM 179 Extra"]
[Source "ChessBase"]
[SourceDate "2017.08.23"]
[SourceVersion "1"]
[SourceVersionDate "2017.08.23"]
[SourceQuality "1"]

1. e4 c5 2. d3 Nc6 3. f4 e6 4. Nf3 d5 5. Qe2 Nf6 6. e5 Nd7 7. g3 Be7 8. Bg2 b5 9. 0-0 g6 10. Nc3 Qb6 11. Kh1 d4 12. Ne4 Bb7 13. a4 a6 14. axb5 axb5 15. Rxa8+ Bxa8 16. Bd2 Bb7 17. Re1 0-0 18. g4 c4 19. Qf2 cxd3 20. cxd3 Nb4 21. Bxb4 Bxb4 22. Rd1 Bxe4 23. dxe4 Bc5 24. Qh4 Ra8 25. Ng5 Nf8 26. f5 d3 27. Qh6 1-0

[Event "GER T259-C03-S email"]
[Site "GER email"]
[Date "2017.04.22"]
[Round "?"]
[White "Dannehr, Juergen"]
[Black "Angermann, Immo Frank"]
[Result "1/2-1/2"]
[WhiteElo "2053"]
[BlackElo "1756"]
[PlyCount "94"]
[EventDate "2017.04.28"]
[EventType "tourn (corr)"]
[EventRounds "8"]
[EventCountry "GER"]
[SourceTitle "Corr 2020"]
[Source "ChessBase"]
[SourceDate "2019.09.30"]
[SourceVersion "1"]
[SourceVersionDate "2019.09.30"]
[SourceQuality "1"]

1. e4 e6 2. d4 d5 3. Nd2 Be7 4. Bd3 Nc6 5. Ngf3 Nb4 6. Be2 c5 7. exd5 Nxd5 8. Nb3 cxd4 9. 0-0 Ngf6 10. Nbxd4 0-0 11. c4 Nb6 12. Bf4 Nh5 13. Be3 a6 14. Qd2 Nd7 15. b4 Nhf6 16. Rad1 Ng4 17. Bg5 Bxg5 18. Nxg5 Ndf6 19. Qc2 h6 20. Ngf3 Qc7 21. h3 Ne5 22. c5 Bd7 23. Nxe5 Qxe5 24. Bf3 Qc7 25. a3 Rfe8 26. Rc1 e5 27. Bxb7 Qxb7 28. c6 Qc8 29. cxd7 Qxd7 30. Nc6 e4 31. Rfd1 Qe6 32. Qc5 e3 33. Qxe3 Qxe3 34. fxe3 Rxe3 35. a4 Kf8 36. b5 axb5 37. axb5 Rb3 38. Rb1 Rxb1 39. Rxb1 Nd7 40. Kf2 Ra2+ 41. Kf3 Nb6 42. Rb3 Rd2 43. g4 Rd5 44. Ke4 h5 45. Rd3 hxg4 46. hxg4 f5+ 47. gxf5 Rxb5 1/2-1/2

[Event "GER T259-C03-S email"]
[Site "GER email"]
[Date "2017.04.22"]
[Round "?"]
[White "Dannehr, Juergen"]
[Black "Hebel, Erich"]
[Result "1/2-1/2"]
[WhiteElo "2053"]
[BlackElo "1997"]
[PlyCount "60"]
[EventDate "2017.04.28"]
[EventType "tourn (corr)"]
[EventRounds "8"]
[EventCountry "GER"]
[SourceTitle "Corr 2020"]
[Source "ChessBase"]
[SourceDate "2019.09.30"]
[SourceVersion "1"]
[SourceVersionDate "2019.09.30"]
[SourceQuality "1"]

1. e4 e6 2. d4 d5 3. Nd2 c5 4. Ngf3 Nf6 5. exd5 exd5 6. Bb5+ Bd7 7. Bxd7+ Nbxd7 8. 0-0 Be7 9. dxc5 Nxc5 10. Nb3 Nce4 11. Nfd4 0-0 12. Nf5 Re8 13. Nxe7+ Rxe7 14. Be3 Qc7 15. Bd4 a5 16. f3 Nd6 17. Bxf6 gxf6 18. Qd4 Qxc2 19. Qxd5 Nf5 20. Rf2 Qc8 21. Qd2 Qc7 22. g4 Rd7 23. Rc1 Qd8 24. Qe1 Nh4 25. Rf1 Ng6 26. Rd1 Rc8 27. Rxd7 Qxd7 28. Rf2 h5 29. Qd2 Qxd2 30. Rxd2 Ne5 1/2-1/2

[Event "GER T259-C03-S email"]
[Site "GER email"]
[Date "2017.04.22"]
[Round "?"]
[White "Dannehr, Juergen"]
[Black "Hoexter, Heinrich"]
[Result "1/2-1/2"]
[WhiteElo "2053"]
[BlackElo "2048"]
[PlyCount "67"]
[EventDate "2017.04.28"]
[EventType "tourn (corr)"]
[EventRounds "8"]
[EventCountry "GER"]
[SourceTitle "Corr 2020"]
[Source "ChessBase"]
[SourceDate "2019.09.30"]
[SourceVersion "1"]
[SourceVersionDate "2019.09.30"]
[SourceQuality "1"]

1. e4 e6 2. d4 d5 3. Nd2 c5 4. Ngf3 cxd4 5. exd5 Qxd5 6. Bc4 Qd6 7. 0-0 Nf6 8. Nb3 Nc6 9. Nbxd4 a6 10. Nxc6 Qxc6 11. Ne5 Qc7 12. Bf4 Bd6 13. Qe2 b5 14. Bb3 0-0 15. c4 Ng4 16. Rfe1 Nxe5 17. Bxe5 Bxe5 18. Qxe5 Qxe5 19. Rxe5 Bd7 20. Rd1 bxc4 21. Bxc4 Bb5 22. Bxb5 axb5 23. Rxb5 Rxa2 24. Rb7 h6 25. h4 h5 26. Rdd7 Kh7 27. Kh2 Kg6 28. Kg3 Kf6 29. Kf4 Ra5 30. b4 Ra2 31. Kg3 Rb2 32. b5 g5 33. hxg5+ Kxg5 34. Rxf7 1/2-1/2

[Event "GER T259-C03-S email"]
[Site "GER email"]
[Date "2017.04.22"]
[Round "?"]
[White "Hoexter, Heinrich"]
[Black "Dannehr, Juergen"]
[Result "0-1"]
[WhiteElo "2048"]
[BlackElo "2053"]
[PlyCount "47"]
[EventDate "2017.04.28"]
[EventType "tourn (corr)"]
[EventRounds "8"]
[EventCountry "GER"]
[SourceTitle "Corr 2020"]
[Source "ChessBase"]
[SourceDate "2019.09.30"]
[SourceVersion "1"]
[SourceVersionDate "2019.09.30"]
[SourceQuality "1"]

1. e4 e6 2. d4 d5 3. Nd2 Nf6 4. e5 Nfd7 5. Bd3 c5 6. c3 Nc6 7. Ne2 cxd4 8. cxd4 f6 9. exf6 Nxf6 10. 0-0 Bd6 11. Nf3 Qb6 12. Bf4 Bxf4 13. Nxf4 0-0 14. Re1 Qxb2 15. g3 Rb8 16. Re2 Qa3 17. Rb1 g6 18. Bb5 Ne4 19. Rb3 Qd6 20. Bxc6 bxc6 21. Rxb8 Qxb8 22. Rc2 c5 23. dxc5 d4 24. Qxd4 0-1